| 000 | 01743nam a2200229Ia 4500 | ||
|---|---|---|---|
| 008 | 260220t2007||||xx |||||||||||||| ||spa|| | ||
| 040 |
_aPY-SlUNAC _bspa _erda |
||
| 041 | _aspa | ||
| 082 |
_a581 _bB639b |
||
| 245 | 0 | _aBoletín de la sociedad Argentina de Botánica | |
| 264 |
_aCórdoba : _bSAB, _c℗2007. |
||
| 300 | _a1 volumen | ||
| 520 | _aEl "Boletín de la Sociedad Argentina de Botánica" es una publicación científica que se centra en la divulgación e intercambio de conocimientos sobre la botánica en Argentina y el mundo. Desde su primera edición, ha servido como plataforma para la presentación de investigaciones originales, revisiones y notas técnicas relacionadas con la flora, ecología y conservación de las plantas. El boletín incluye artículos que abarcan diversas áreas de estudio, como la sistemática, morfología, fisiología y biogeografía, contribuyendo así al entendimiento de la diversidad botánica en el contexto argentino. Además, promueve la colaboración entre investigadores y fomenta el desarrollo de la botánica como disciplina científica. A través de sus publicaciones, la sociedad busca no solo informar a la comunidad científica, sino también sensibilizar al público sobre la importancia de la biodiversidad y la necesidad de preservar los ecosistemas naturales. Este esfuerzo editorial es un testimonio del compromiso de la Sociedad Argentina de Botánica con la investigación y la educación en el ámbito de la botánica. | ||
| 653 | _aBotánica | ||
| 653 | _aFlora | ||
| 653 | _aRevistas científicas | ||
| 942 |
_b2026/02/17 _cBK |
||
| 999 |
_c8233 _d8233 |
||